Countries With the Letter D - Statistics

General Stats
  • This quiz has been taken 124 times
  • The average score is 38 of 49
Answer Stats
Countries % Correct
Denmark
97%
United Kingdom
94%
Dominican Republic
91%
Dominica
90%
United Statesof America
89%
Djibouti
88%
United ArabEmirates
88%
Finland
87%
New Zealand
87%
Iceland
86%
Andorra
85%
Canada
85%
Democratic Republicof the Congo
85%
India
85%
Poland
85%
Ireland
84%
Indonesia
82%
Netherlands
81%
Chad
80%
Jordan
80%
Sweden
80%
Trinidad andTobago
79%
Sudan
78%
Honduras
77%
Madagascar
77%
South Sudan
77%
Thailand
77%
Antigua andBarbuda
76%
Saint Vincent andthe Grenadines
76%
Saudi Arabia
76%
Switzerland
76%
Cambodia
73%
Bangladesh
72%
Barbados
72%
El Salvador
72%
Grenada
71%
Maldives
71%
North Macedonia
71%
Moldova
70%
Uganda
70%
Burundi
68%
Ecuador
68%
Marshall Islands
68%
Solomon Islands
68%
Saint Kittsand Nevis
66%
Cape Verde
65%
Rwanda
64%
Bosnia andHerzegovina
61%
Sao Tome andPrincipe
53%
No matching quizzes found
Score Distribution
Percent of People with Each Score
Percentile by Number Answered
Your Score History
You have not taken this quiz